书目信息 |
| 题名: |
园林工程
|
|
| 作者: | 邓宝忠 主编 | |
| 分册: | 一 | |
| 出版信息: | 北京 中国建筑工业出版社 2008.11 |
|
| 页数: | 253页 | |
| 开本: | 26cm | |
| 丛书名: | ||
| 单 册: | ||
| 中图分类: | TU986.3 | |
| 科图分类: | ||
| 主题词: | 园林--yuan lin--工程施工--高等教育--教材 | |
| 电子资源: | ||
| ISBN: | 978-7-112-10069-9 | |
| 000 | 00907nam0 2200253 450 | |
| 001 | 012009622351 | |
| 005 | 20090923152745.42 | |
| 010 | @a978-7-112-10069-9@dCNY28.00 | |
| 100 | @a20090923d2008 em y0chiy0120 ea | |
| 101 | 0 | @achi |
| 102 | @aCN@b110000 | |
| 105 | @aa z 000yy | |
| 106 | @ar | |
| 200 | 1 | @a园林工程@Ayuan lin gong cheng@h一@f邓宝忠主编@Fdeng bao zhong zhu bian |
| 210 | @a北京@c中国建筑工业出版社@d2008.11 | |
| 215 | @a253页@c图@d26cm | |
| 300 | @a普通高等教育土建学科专业“十一五”规划教材 | |
| 330 | @a本书讲述了园林工程中的土方工程设计、园林给水排水工程设计、园林砌体工程设计、园林水景工程设计、假山工程设计、园林照明设计、种植工程设计等内容。 | |
| 333 | @a园林工程技术专业适用 | |
| 606 | 0 | @a园林@Ayuan lin@x工程施工@x高等教育@j教材 |
| 690 | @aTU986.3@v4 | |
| 701 | 0 | @a邓宝忠@Adeng bao zhong@4主编 |
| 801 | 0 | @aCN@bQSSK@c20090923 |
| 905 | @b758390-94@dTU986.3@eD269:1@f5 | |
| 园林工程.一/邓宝忠主编.-北京:中国建筑工业出版社,2008.11 |
| 253页:图;26cm |
| 普通高等教育土建学科专业“十一五”规划教材.-使用对象:园林工程技术专业适用 |
| ISBN 978-7-112-10069-9:CNY28.00 |
| 本书讲述了园林工程中的土方工程设计、园林给水排水工程设计、园林砌体工程设计、园林水景工程设计、假山工程设计、园林照明设计、种植工程设计等内容。 |
| ● |
| 相关链接 |
|
|
|
正题名:园林工程
索取号:TU986.3/D269:1
 
预约/预借
| 序号 | 登录号 | 条形码 | 馆藏地/架位号 | 状态 | 备注 |
| 1 | 758390 | 207583907 | 建筑库201/201建筑库 114排1列5层/ [索取号:TU986.3/D269:1] | 在馆 | |
| 2 | 758391 | 207583916 | 建筑库201/201建筑库 114排1列5层/ [索取号:TU986.3/D269:1] | 在馆 | |
| 3 | 758392 | 207583925 | 建筑库201/201建筑库 114排1列5层/ [索取号:TU986.3/D269:1] | 在馆 | |
| 4 | 758393 | 207583934 | 建筑库201/201建筑库 114排1列5层/ [索取号:TU986.3/D269:1] | 在馆 | |
| 5 | 758394 | 207583943 | 建筑库201/201建筑库 114排1列5层/ [索取号:TU986.3/D269:1] | 在馆 |